[Event "LSS SA-2010-0-00124"]
[Site "LSS email"]
[Date "2010.03.28"]
[Round "?"]
[White "Aalderink, Gerwin"]
[Black "Szabo, Michael"]
[Result "1/2-1/2"]
[WhiteElo "2082"]
[BlackElo "2125"]
[PlyCount "49"]
[EventDate "2010.02.27"]
[EventType "tourn (corr)"]
[EventRounds "6"]
[EventCountry "GER"]
[SourceTitle "Corr 2013"]
[Source "ChessBase"]
[SourceDate "2012.11.12"]
[SourceVersion "1"]
[SourceVersionDate "2012.11.12"]
[SourceQuality "1"]

1. Nf3 Nf6 2. d4 d5 3. c4 e6 4. Nc3 Be7 5. Bg5 h6 6. Bh4 0-0 7. e3 b6 8. Rc1 Bb7 9. Bd3 c5 10. cxd5 Nxd5 11. Bxe7 Qxe7 12. dxc5 Nd7 13. Nxd5 Bxd5 14. e4 Bxa2 15. Ra1 Nxc5 16. Rxa2 Rfd8 17. Ra3 b5 18. Rc3 b4 19. Rxc5 Qxc5 20. Ke2 a5 21. Qc2 Qxc2+ 22. Bxc2 a4 23. Ne5 Rdc8 24. Kd2 a3 25. Ra1 1/2-1/2

[Event "LSS SA-2010-0-00124"]
[Site "LSS email"]
[Date "2010.03.28"]
[Round "?"]
[White "Herzog, Klaus"]
[Black "Szabo, Michael"]
[Result "1/2-1/2"]
[WhiteElo "1760"]
[BlackElo "2105"]
[PlyCount "71"]
[EventDate "2010.02.27"]
[EventType "tourn (corr)"]
[EventRounds "6"]
[EventCountry "GER"]
[SourceTitle "Telechess CBM 145"]
[Source "Chessbase"]
[SourceDate "2011.11.11"]
[SourceVersion "1"]
[SourceVersionDate "2011.11.11"]
[SourceQuality "1"]

1. d4 Nf6 2. c4 e6 3. Nc3 d5 4. cxd5 exd5 5. Bg5 c6 6. e3 h6 7. Bh4 Bf5 8. Qf3 Bh7 9. Bxf6 Qxf6 10. Qxf6 gxf6 11. Nf3 Nd7 12. 0-0-0 f5 13. Nh4 Be7 14. g3 Nf6 15. f3 Nh5 16. Ng2 0-0-0 17. Rg1 b6 18. Ba6+ Kb8 19. Bd3 Rhe8 20. Kd2 Bg5 21. f4 Be7 22. Nh4 Bxh4 23. gxh4 Nf6 24. Rc1 Rg8 25. Be2 a5 26. Rg3 Kc7 27. Kd3 Bg6 28. Rcg1 Rge8 29. Kd2 Re7 30. Rc1 Re6 31. Bd3 Rde8 32. Rcg1 R6e7 33. b3 b5 34. Rc1 Kd6 35. Re1 Nh5 36. Rgg1 1/2-1/2

[Event "LSS SA-2009-0-00109"]
[Site "LSS email"]
[Date "2010.01.15"]
[Round "?"]
[White "Szabo, Michael"]
[Black "Kroes, Friso"]
[Result "1-0"]
[WhiteElo "2055"]
[BlackElo "2041"]
[PlyCount "83"]
[EventDate "2009.12.30"]
[EventType "tourn (corr)"]
[EventRounds "6"]
[EventCountry "GER"]
[SourceTitle "Telechess CBM 137"]
[Source "ChessBase"]
[SourceDate "2010.07.15"]
[SourceVersion "1"]
[SourceVersionDate "2010.07.15"]
[SourceQuality "1"]

1. e4 e6 2. d4 d5 3. Nc3 Bb4 4. e5 c5 5. a3 Bxc3+ 6. bxc3 Qa5 7. Bd2 Qa4 8. Qg4 Kf8 9. Nf3 Ne7 10. Be2 Qxc2 11. Rc1 Qf5 12. Qxf5 Nxf5 13. c4 dxc4 14. Rxc4 Bd7 15. Rxc5 Bc6 16. d5 exd5 17. 0-0 g6 18. Rb1 Nd7 19. Rcc1 h5 20. Bb5 Re8 21. Bxc6 bxc6 22. Bc3 Nb6 23. e6 Rg8 24. Bb4+ Kg7 25. exf7 Kxf7 26. Rxc6 g5 27. Bc3 Rg6 28. Rc7+ Kg8 29. Rxa7 Nc4 30. Nd4 Nxd4 31. Bxd4 g4 32. Bc3 Rc8 33. a4 Na3 34. Rbb7 d4 35. Be1 d3 36. Rd7 Rb6 37. f4 gxf3 38. gxf3 Rb1 39. Kf2 Rbb8 40. Rxd3 Nc2 41. Bd2 Rd8 42. Rad7 1-0

[Event "LSS RA-2009-0-00073"]
[Site "LSS email"]
[Date "2009.12.22"]
[Round "?"]
[White "Bilsel, Sabahaddin"]
[Black "Szabo, Michael"]
[Result "1/2-1/2"]
[WhiteElo "2086"]
[BlackElo "2055"]
[PlyCount "52"]
[EventDate "2009.11.24"]
[EventType "tourn (corr)"]
[EventRounds "6"]
[EventCountry "GER"]
[SourceTitle "Telechess CBM 137"]
[Source "ChessBase"]
[SourceDate "2010.07.15"]
[SourceVersion "1"]
[SourceVersionDate "2010.07.15"]
[SourceQuality "1"]

1. d4 Nf6 2. c4 c5 3. d5 g6 4. Nc3 Bg7 5. e4 d6 6. h3 0-0 7. Nf3 Qa5 8. Bd2 Nbd7 9. Be2 Qc7 10. 0-0 a6 11. a3 Ne5 12. Nxe5 dxe5 13. Be3 b6 14. b4 Bd7 15. Qc2 Ne8 16. bxc5 bxc5 17. Na4 Bxa4 18. Qxa4 Nd6 19. Bd3 h5 20. Rab1 Kh7 21. Qc2 Rab8 22. Bd2 Rxb1 23. Rxb1 Rb8 24. Rxb8 Qxb8 25. Be3 Qb6 26. g4 hxg4 1/2-1/2

[Event "LSS RA-2009-0-00073"]
[Site "LSS email"]
[Date "2009.12.21"]
[Round "?"]
[White "Hrubaru, Mircea"]
[Black "Szabo, Michael"]
[Result "1/2-1/2"]
[WhiteElo "2060"]
[BlackElo "2045"]
[PlyCount "80"]
[EventDate "2009.11.24"]
[EventType "tourn (corr)"]
[EventRounds "6"]
[EventCountry "GER"]
[SourceTitle "Telechess CBM 137"]
[Source "ChessBase"]
[SourceDate "2010.07.15"]
[SourceVersion "1"]
[SourceVersionDate "2010.07.15"]
[SourceQuality "1"]

1. d4 Nf6 2. c4 c5 3. d5 g6 4. Nc3 Bg7 5. e4 d6 6. Bd3 0-0 7. Nge2 e6 8. Bg5 h6 9. Bf4 Ng4 10. Qd2 Na6 11. a3 Nc7 12. f3 Ne5 13. 0-0 exd5 14. cxd5 Nxd3 15. Qxd3 b6 16. Qd2 Kh7 17. Ng3 Ba6 18. Rfe1 Re8 19. a4 Bc4 20. Nf1 Bxf1 21. Rxf1 a6 22. Rfe1 Qd7 23. Rad1 Rad8 24. Bg3 b5 25. e5 dxe5 26. Bh4 Rb8 27. d6 Ne6 28. axb5 axb5 29. Ne4 c4 30. Bf6 Nf4 31. Re3 Ra8 32. b4 cxb3 33. Bxg7 Kxg7 34. Rxb3 Reb8 35. Kh1 f6 36. Nc5 Qf7 37. d7 Ne6 38. Nxe6+ Qxe6 39. Qb4 Rd8 40. Qxb5 Ra7 1/2-1/2

[Event "LSS RA-2009-0-00073"]
[Site "LSS email"]
[Date "2009.12.21"]
[Round "?"]
[White "Szabo, Michael"]
[Black "Sorcinelli, Andrea"]
[Result "1/2-1/2"]
[WhiteElo "2052"]
[BlackElo "2070"]
[PlyCount "70"]
[EventDate "2009.11.24"]
[EventType "tourn (corr)"]
[EventRounds "6"]
[EventCountry "GER"]
[SourceTitle "Telechess CBM 137"]
[Source "ChessBase"]
[SourceDate "2010.07.15"]
[SourceVersion "1"]
[SourceVersionDate "2010.07.15"]
[SourceQuality "1"]

1. Nf3 e6 2. e4 c5 3. Nc3 a6 4. Be2 b5 5. d4 cxd4 6. Nxd4 Bb7 7. Bf3 Qc7 8. 0-0 Nc6 9. Nxc6 dxc6 10. g3 Nf6 11. Bf4 e5 12. Be3 Be7 13. Qe2 0-0 14. Rfd1 Bc8 15. a4 Be6 16. a5 h6 17. Bb6 Qb7 18. Bg2 Rfe8 19. f3 Nd7 20. Be3 Bb4 21. Qf2 Rad8 22. Bf1 Qc7 23. Na2 Bxa5 24. Nc1 Ra8 25. Nd3 Bb6 26. Bxb6 Nxb6 27. Nc5 a5 28. Rd2 a4 29. Nxe6 Rxe6 30. Rad1 a3 31. bxa3 Rxa3 32. Rd8+ Kh7 33. Qc5 Ra1 34. R1d2 Re7 35. Kg2 Na4 1/2-1/2

[Event "LSS SA-2009-0-00097"]
[Site "LSS email"]
[Date "2009.11.21"]
[Round "?"]
[White "Herzog, Klaus"]
[Black "Szabo, Michael"]
[Result "1/2-1/2"]
[WhiteElo "2015"]
[BlackElo "2046"]
[PlyCount "56"]
[EventDate "2009.10.31"]
[EventType "tourn (corr)"]
[EventRounds "6"]
[EventCountry "GER"]
[SourceTitle "Telechess CBM 137"]
[Source "ChessBase"]
[SourceDate "2010.07.15"]
[SourceVersion "1"]
[SourceVersionDate "2010.07.15"]
[SourceQuality "1"]

1. d4 Nf6 2. c4 c5 3. d5 g6 4. Nc3 d6 5. e4 Bg7 6. h3 0-0 7. Nf3 a6 8. a4 Re8 9. Bd3 a5 10. 0-0 Na6 11. Bf4 Nb4 12. e5 dxe5 13. Bxe5 Nh5 14. Bxg7 Nxg7 15. Re1 f6 16. Be4 Nf5 17. Qd2 Nd6 18. b3 Qb6 19. Re2 e5 20. dxe6 Bxe6 21. Rae1 Bf7 22. Bd5 Rxe2 23. Bxf7+ Nxf7 24. Qxe2 Qd8 25. Qe4 b6 26. Qe6 Ra7 27. Rd1 Qe7 28. Qc8+ Qf8 1/2-1/2

[Event "LSS SA-2009-0-00097"]
[Site "LSS email"]
[Date "2009.11.21"]
[Round "?"]
[White "Szabo, Michael"]
[Black "Jijon, Fabricio"]
[Result "1/2-1/2"]
[WhiteElo "2057"]
[BlackElo "1984"]
[PlyCount "73"]
[EventDate "2009.10.31"]
[EventType "tourn (corr)"]
[EventRounds "6"]
[EventCountry "GER"]
[SourceTitle "Telechess CBM 137"]
[Source "ChessBase"]
[SourceDate "2010.07.15"]
[SourceVersion "1"]
[SourceVersionDate "2010.07.15"]
[SourceQuality "1"]

1. e4 c5 2. Nf3 d6 3. d4 cxd4 4. Nxd4 Nf6 5. Nc3 g6 6. Bc4 Bg7 7. Be3 Ng4 8. Bb5+ Kf8 9. 0-0 Be5 10. Qd2 Bxh2+ 11. Kh1 Be5 12. f4 Bg7 13. Rad1 Nxe3 14. Qxe3 Bg4 15. Rd2 a6 16. Ba4 Nc6 17. Bxc6 bxc6 18. Nxc6 Qc7 19. Nd4 Rb8 20. b3 e6 21. f5 Kg8 22. fxe6 fxe6 23. Nd1 h5 24. Qd3 Qc5 25. c3 a5 26. Ne3 Rc8 27. Rc2 Qg5 28. Kg1 Bh6 29. Nd1 Rh7 30. Rcf2 h4 31. Nc2 Qc5 32. Nde3 Bh5 33. Nc4 Re7 34. Qh3 Be2 35. Qxh4 Bg5 36. Qg3 Bxf1 37. Kxf1 1/2-1/2

[Event "LSS SA-2009-0-00095"]
[Site "LSS email"]
[Date "2009.11.10"]
[Round "?"]
[White "De Waele, Willy"]
[Black "Szabo, Michael"]
[Result "1/2-1/2"]
[WhiteElo "2001"]
[BlackElo "2059"]
[PlyCount "105"]
[EventDate "2009.10.21"]
[EventType "tourn (corr)"]
[EventRounds "6"]
[EventCountry "GER"]
[SourceTitle "Telechess CBM 137"]
[Source "ChessBase"]
[SourceDate "2010.07.15"]
[SourceVersion "1"]
[SourceVersionDate "2010.07.15"]
[SourceQuality "1"]

1. e4 e5 2. Nf3 Nc6 3. Bb5 Nf6 4. 0-0 Bc5 5. c3 0-0 6. d4 Bb6 7. Bg5 h6 8. Bh4 exd4 9. Qc1 g5 10. Nxg5 Nxe4 11. Nf3 Qe8 12. Re1 Qe6 13. Bxc6 bxc6 14. Nbd2 f5 15. Nxd4 Qg6 16. a4 Rf7 17. a5 Rg7 18. g3 Bxd4 19. cxd4 Ba6 20. Ra3 Rf8 21. Rf3 Rgf7 22. Qc2 Qh5 23. Rfe3 Nxd2 24. Qxd2 f4 25. Re8 Bc4 26. Qc2 Bd5 27. Qd3 Kg7 28. Rxf8 Kxf8 29. Qe2 Qg6 30. g4 h5 31. g5 Kg7 32. Qe5+ Kh7 33. Qe2 d6 34. f3 Qf5 35. Qf1 Rf8 36. Re7+ Kg6 37. b4 Rb8 38. Qe1 Bxf3 39. Re6+ Kg7 40. Rf6 Qe4 41. Qxe4 Bxe4 42. Rxf4 Re8 43. Be1 Kg6 44. Bd2 Bd5 45. Kf2 Kg7 46. Be3 a6 47. Rf6 Bf7 48. Kf3 Be6 49. Ke2 Bc4+ 50. Kd2 Re4 51. Rf2 Rh4 52. Kc3 Rh3 53. Kxc4 1/2-1/2

[Event "LSS RA-2009-0-00067"]
[Site "LSS email"]
[Date "2009.11.01"]
[Round "?"]
[White "Mueller, Michael"]
[Black "Szabo, Michael"]
[Result "1-0"]
[WhiteElo "2123"]
[BlackElo "2059"]
[PlyCount "91"]
[EventDate "2009.09.27"]
[EventType "tourn (corr)"]
[EventRounds "6"]
[EventCountry "GER"]
[SourceTitle "Telechess CBM 137"]
[Source "ChessBase"]
[SourceDate "2010.07.15"]
[SourceVersion "1"]
[SourceVersionDate "2010.07.15"]
[SourceQuality "1"]

1. e4 e5 2. Nf3 Nc6 3. Bb5 Nf6 4. 0-0 Nxe4 5. d4 Nd6 6. Bxc6 bxc6 7. dxe5 Nb7 8. Nc3 Be7 9. Nd4 0-0 10. Qf3 Bc5 11. Rd1 Qe7 12. Nf5 Qxe5 13. Bh6 g6 14. Ne3 f5 15. Re1 Bd6 16. g3 Qc5 17. Bxf8 Bxf8 18. g4 d5 19. gxf5 Rb8 20. Rad1 Qd6 21. Nexd5 cxd5 22. Nxd5 Bxf5 23. Ne7+ Qxe7 24. Rxe7 Bxe7 25. Qb3+ Kf8 26. Qc3 Re8 27. Qh8+ Kf7 28. Qxh7+ Kf8 29. Re1 Nc5 30. h4 Nd7 31. h5 Nf6 32. Qh6+ Kf7 33. Qf4 Nxh5 34. Qxc7 Be6 35. Qxa7 Nf4 36. a4 Rc8 37. a5 Rxc2 38. Qb7 Nd5 39. a6 Rc7 40. Qb3 Bd6 41. Qd3 Bc5 42. Re5 Nf6 43. Qe2 Rc6 44. Qb5 Rb6 45. Qxc5 Rxa6 46. b4 1-0

[Event "LSS RA-2009-0-00067"]
[Site "LSS email"]
[Date "2009.11.01"]
[Round "?"]
[White "Szabo, Michael"]
[Black "Aliev, Abduragim"]
[Result "0-1"]
[WhiteElo "2059"]
[BlackElo "2000"]
[PlyCount "138"]
[EventDate "2009.09.27"]
[EventType "tourn (corr)"]
[EventRounds "6"]
[EventCountry "GER"]
[SourceTitle "Telechess CBM 137"]
[Source "ChessBase"]
[SourceDate "2010.07.15"]
[SourceVersion "1"]
[SourceVersionDate "2010.07.15"]
[SourceQuality "1"]

1. Nf3 d5 2. g3 Nf6 3. d4 g6 4. Nc3 Bg7 5. Bg2 0-0 6. Bf4 Nc6 7. 0-0 Ne4 8. Ne5 Nxc3 9. bxc3 Nxe5 10. Bxe5 Bxe5 11. dxe5 c6 12. Qd4 Qa5 13. Rfd1 Bf5 14. Rd2 Rac8 15. Qb4 Qc7 16. Qd4 Qb6 17. Rad1 Qb2 18. Qb4 Qxb4 19. cxb4 a5 20. b5 cxb5 21. Rxd5 Rxc2 22. Rxb5 Rxe2 23. Rxa5 b6 24. Ra7 Rxe5 25. f4 Re6 26. Rc7 Re2 27. a4 e6 28. Rd4 h5 29. Rd6 Rb2 30. Bc6 Rb4 31. Kf2 h4 32. Bb5 Rb2+ 33. Ke3 Rxh2 34. gxh4 Rh3+ 35. Ke2 Rb3 36. Ke1 Rb4 37. Rxb6 Rd8 38. a5 Rb1+ 39. Kf2 Ra1 40. Be2 Ra2 41. Ke3 Ra3+ 42. Kf2 Rd4 43. Rb8+ Kg7 44. Rbb7 Rxf4+ 45. Ke1 Be4 46. Ra7 Bd5 47. a6 Ra1+ 48. Kd2 e5 49. Rc5 Rd4+ 50. Ke3 Ra3+ 51. Kf2 Rd2 52. Re7 Be6 53. Rec7 Rxa6 54. Ke1 Raa2 55. Rxe5 Kh6 56. Rc6 Rdb2 57. h5 g5 58. Rcxe6+ fxe6 59. Rxe6+ Kg7 60. Kf1 Ra1+ 61. Kf2 Ra4 62. Kg2 Ra3 63. Re4 Kf6 64. Kf2 Rh3 65. Kg2 Kf5 66. Rb4 Rxb4 67. Kxh3 Kf4 68. Kg2 Rb6 69. Bd1 g4 0-1

[Event "LSS RA-2009-0-00062"]
[Site "LSS email"]
[Date "2009.09.13"]
[Round "?"]
[White "Horeczky, Tibor"]
[Black "Szabo, Michael"]
[Result "0-1"]
[WhiteElo "2017"]
[BlackElo "2071"]
[PlyCount "44"]
[EventDate "2009.08.04"]
[EventType "tourn (corr)"]
[EventRounds "6"]
[EventCountry "GER"]
[SourceTitle "Corr 2011"]
[Source "ChessBase"]
[SourceDate "2010.08.31"]
[SourceVersion "1"]
[SourceVersionDate "2010.08.31"]
[SourceQuality "1"]

1. e4 e5 2. Nc3 Nc6 3. f4 exf4 4. Nf3 g5 5. d4 g4 6. Ne5 Qh4+ 7. Ke2 Nxe5 8. dxe5 Bc5 9. Qd2 f3+ 10. Kd3 Ne7 11. gxf3 gxf3 12. Qg5 Qxg5 13. Bxg5 c6 14. Be3 Bb4 15. Rg1 Ng6 16. Bd4 b6 17. e6 Rf8 18. exd7+ Bxd7 19. Bf6 Be7 20. Bxe7 Kxe7 21. Ke3 Ne5 22. Rg5 Kf6 0-1

[Event "LSS RA-2009-0-00062"]
[Site "LSS email"]
[Date "2009.09.13"]
[Round "?"]
[White "Szabo, Michael"]
[Black "Jimenez, Joaquin Rodrigo"]
[Result "1/2-1/2"]
[WhiteElo "2071"]
[BlackElo "2125"]
[PlyCount "95"]
[EventDate "2009.08.04"]
[EventType "tourn (corr)"]
[EventRounds "6"]
[EventCountry "GER"]
[SourceTitle "Telechess CBM 137"]
[Source "ChessBase"]
[SourceDate "2010.07.15"]
[SourceVersion "1"]
[SourceVersionDate "2010.07.15"]
[SourceQuality "1"]

1. e4 e5 2. Nf3 Nc6 3. Bb5 a6 4. Ba4 Nf6 5. 0-0 Be7 6. Nc3 b5 7. Bb3 d6 8. a4 b4 9. Nd5 Na5 10. Ba2 Nxd5 11. Bxd5 c6 12. Ba2 c5 13. Bd5 Rb8 14. d3 0-0 15. Nd2 Be6 16. Bxe6 fxe6 17. Nc4 Nxc4 18. dxc4 Qe8 19. Qg4 Rf6 20. b3 Rg6 21. Qe2 Rd8 22. Rd1 Qf7 23. Be3 d5 24. exd5 exd5 25. cxd5 Rxd5 26. g3 Rc6 27. Qg4 Rcd6 28. Rxd5 Qxd5 29. Re1 Bf8 30. h4 h6 31. Re2 c4 32. bxc4 Qc6 33. Re1 Rg6 34. Qf5 Rf6 35. Qd3 Kh8 36. Qb3 Rf3 37. c3 Qg6 38. Re2 Be7 39. cxb4 Bxh4 40. Qc3 Bxg3 41. fxg3 Rxg3+ 42. Kf1 Qb1+ 43. Qc1 Rf3+ 44. Ke1 Qxb4+ 45. Bd2 Qc5 46. Re3 Rf4 47. Ke2 Rh4 48. Qc3 1/2-1/2

[Event "LSS SA-2009-0-00083"]
[Site "LSS email"]
[Date "2009.09.13"]
[Round "?"]
[White "Szabo, Michael"]
[Black "Llorente Alvarez, Jose Luis"]
[Result "1/2-1/2"]
[WhiteElo "2071"]
[BlackElo "2122"]
[PlyCount "63"]
[EventDate "2009.08.18"]
[EventType "tourn (corr)"]
[EventRounds "6"]
[EventCountry "GER"]
[SourceTitle "Corr 2011"]
[Source "ChessBase"]
[SourceDate "2010.08.31"]
[SourceVersion "1"]
[SourceVersionDate "2010.08.31"]
[SourceQuality "1"]

1. Nf3 Nf6 2. Nc3 c5 3. e4 d6 4. d4 cxd4 5. Nxd4 a6 6. Be3 e5 7. Nf3 h6 8. Bc4 Be7 9. 0-0 0-0 10. Nh4 Kh8 11. Nf5 Nc6 12. Nxe7 Nxe7 13. Bb3 Be6 14. f4 Ng4 15. Qe2 Nxe3 16. Qxe3 exf4 17. Qxf4 Qc7 18. Rad1 Rad8 19. Qe3 Rfe8 20. Rd3 b5 21. Qd2 Bxb3 22. axb3 Kg8 23. Rf2 b4 24. Ne2 a5 25. Ng3 Rd7 26. Qd1 d5 27. Rfd2 Red8 28. Rd4 g6 29. Kh1 Qc6 30. R4d3 a4 31. bxa4 Qxa4 32. Rd4 1/2-1/2

[Event "LSS SA-2009-0-00081"]
[Site "LSS email"]
[Date "2009.08.29"]
[Round "?"]
[White "Kroes, Friso"]
[Black "Szabo, Michael"]
[Result "1/2-1/2"]
[WhiteElo "2085"]
[BlackElo "2094"]
[PlyCount "80"]
[EventDate "2009.08.13"]
[EventType "tourn (corr)"]
[EventRounds "6"]
[EventCountry "GER"]
[SourceTitle "Corr 2011"]
[Source "ChessBase"]
[SourceDate "2010.08.31"]
[SourceVersion "1"]
[SourceVersionDate "2010.08.31"]
[SourceQuality "1"]

1. e4 e6 2. d4 d5 3. Nd2 Nf6 4. e5 Nfd7 5. Bd3 c5 6. c3 Nc6 7. Ne2 cxd4 8. cxd4 Qb6 9. 0-0 Nxd4 10. Nxd4 Qxd4 11. Nf3 Qb6 12. Qa4 Qb4 13. Qc2 Nc5 14. Bd2 Qa4 15. b3 Qd7 16. Be2 b6 17. b4 Ba6 18. Bxa6 Nxa6 19. a3 Be7 20. Nd4 Rc8 21. Qd3 Rc4 22. Rfc1 b5 23. a4 Nxb4 24. Bxb4 Bxb4 25. axb5 Rxc1+ 26. Rxc1 0-0 27. Nc6 Rc8 28. g3 Qb7 29. Ra1 Bc5 30. Qc2 Bf8 31. Ra6 Ra8 32. Nd4 Bb4 33. Qc6 Qxc6 34. bxc6 Bc5 35. Nb5 Kf8 36. Nd6 Ke7 37. c7 Bxd6 38. exd6+ Kd7 39. Kf1 h5 40. Ke1 g5 1/2-1/2

[Event "LSS SA-2009-0-00081"]
[Site "LSS email"]
[Date "2009.08.29"]
[Round "?"]
[White "Szabo, Michael"]
[Black "Slezak, Akos"]
[Result "1/2-1/2"]
[WhiteElo "2071"]
[BlackElo "2011"]
[PlyCount "43"]
[EventDate "2009.08.13"]
[EventType "tourn (corr)"]
[EventRounds "6"]
[EventCountry "GER"]
[SourceTitle "Corr 2011"]
[Source "ChessBase"]
[SourceDate "2010.08.31"]
[SourceVersion "1"]
[SourceVersionDate "2010.08.31"]
[SourceQuality "1"]

1. Nf3 Nf6 2. g3 c5 3. Bg2 d5 4. 0-0 g6 5. d4 cxd4 6. Nxd4 Bg7 7. c4 0-0 8. cxd5 Nxd5 9. Nc3 Nxc3 10. bxc3 Qa5 11. Qb3 Nc6 12. e3 Qc7 13. Ba3 Bd7 14. Rab1 Na5 15. Qd5 Bf6 16. Bb4 Nc6 17. Rfd1 Bg4 18. f3 Rfd8 19. Qc5 Bd7 20. f4 Rac8 21. Nxc6 Bxc6 22. Bxc6 1/2-1/2

[Event "LSS SA-2009-0-00075"]
[Site "LSS email"]
[Date "2009.08.04"]
[Round "?"]
[White "Szabo, Michael"]
[Black "Horeczky, Tibor"]
[Result "1/2-1/2"]
[WhiteElo "2094"]
[BlackElo "1977"]
[PlyCount "125"]
[EventDate "2009.07.17"]
[EventType "tourn (corr)"]
[EventRounds "6"]
[EventCountry "GER"]
[SourceTitle "Corr 2011"]
[Source "ChessBase"]
[SourceDate "2010.08.31"]
[SourceVersion "1"]
[SourceVersionDate "2010.08.31"]
[SourceQuality "1"]

1. e4 e5 2. f4 exf4 3. Nc3 Qh4+ 4. Ke2 Nc6 5. Nf3 Qd8 6. d4 g5 7. d5 Nb4 8. a3 Na6 9. Ke1 Bg7 10. d6 cxd6 11. Nb5 Nc5 12. Nxd6+ Kf8 13. h4 Qe7 14. Be2 Nxe4 15. Nxe4 Qxe4 16. Nxg5 Qc6 17. Bf3 Qc7 18. Qd5 Qe5+ 19. Kf2 Qd4+ 20. Qxd4 Bxd4+ 21. Kf1 Be5 22. Nh3 d6 23. Nxf4 Nf6 24. Nd3 Kg7 25. Bf4 Bxf4 26. Nxf4 Bg4 27. Re1 Rhe8 28. Kf2 Rac8 29. c3 Re5 30. Re2 Rxe2+ 31. Nxe2 Re8 32. Ng3 d5 33. Rd1 Re5 34. Rd4 Be6 35. Ne2 Ne4+ 36. Bxe4 Rxe4 37. Nf4 Rxd4 38. cxd4 Kf6 39. Kf3 Ke7 40. Nxe6 Kxe6 41. Kg4 Kf6 42. Kh5 Kf5 43. Kh6 Ke4 44. h5 Kxd4 45. Kxh7 Ke3 46. h6 d4 47. Kg7 d3 48. h7 d2 49. h8Q d1Q 50. Qe8+ Kf2 51. Qxf7+ Kxg2 52. Qxb7+ Kh3 53. Qb5 a6 54. Qb6 Qd5 55. Kf6 Kg2 56. Ke7 a5 57. b4 axb4 58. axb4 Qe5+ 59. Kd7 Qd5+ 60. Kc7 Qf7+ 61. Kc6 Qe6+ 62. Kc5 Qe5+ 63. Kc6 1/2-1/2

[Event "LSS SA-2009-0-00072"]
[Site "LSS email"]
[Date "2009.07.20"]
[Round "?"]
[White "Szabo, Michael"]
[Black "De Melo, Gerson Luis"]
[Result "0-1"]
[WhiteElo "2071"]
[BlackElo "2132"]
[PlyCount "120"]
[EventDate "2009.07.06"]
[EventType "tourn (corr)"]
[EventRounds "6"]
[EventCountry "GER"]
[SourceTitle "Corr 2011"]
[Source "ChessBase"]
[SourceDate "2010.08.31"]
[SourceVersion "1"]
[SourceVersionDate "2010.08.31"]
[SourceQuality "1"]

1. e4 c5 2. Nf3 a6 3. Nc3 e6 4. d4 cxd4 5. Nxd4 b5 6. Bd3 Qb6 7. Nb3 Qc7 8. 0-0 Bb7 9. Be3 Nf6 10. f4 d6 11. a4 b4 12. Na2 Be7 13. Nxb4 Nbd7 14. f5 0-0 15. fxe6 fxe6 16. Nd4 Nc5 17. Bc4 d5 18. exd5 Nce4 19. Ba2 Bxb4 20. Nxe6 Qd7 21. Nxf8 Rxf8 22. Qd3 Bd6 23. Bd4 Qxa4 24. c4 Qa5 25. Rfe1 Nc5 26. Qc2 Qc7 27. g3 a5 28. Re2 Bc8 29. Rf1 Bg4 30. Re3 a4 31. Ree1 Qf7 32. h4 Bh3 33. Rf3 Qh5 34. Ree3 Qg4 35. Qc3 Nfe4 36. Rxf8+ Kxf8 37. Rf3+ Kg8 38. Qe3 Qh5 39. Bb1 Nd2 40. Rf2 Qd1+ 41. Kh2 Nf1+ 42. Rxf1 Qxf1 43. Qg1 Qxg1+ 44. Kxg1 Nb3 45. Be3 g6 46. Kf2 Bf5 47. Bxf5 gxf5 48. Ke2 Bxg3 49. c5 Kf7 50. c6 Ke7 51. Kd3 Be5 52. Bh6 Nc5+ 53. Kc4 Ne4 54. Kb5 Kd6 55. Kxa4 Kxd5 56. Kb3 f4 57. Kc2 f3 58. Kd3 f2 59. Ke2 Bd4 60. Bf4 Kxc6 0-1

[Event "LSS SA-2009-0-00072"]
[Site "LSS email"]
[Date "2009.07.20"]
[Round "?"]
[White "Szabo, Michael"]
[Black "Herzog, Klaus"]
[Result "1-0"]
[WhiteElo "2094"]
[BlackElo "2023"]
[PlyCount "81"]
[EventDate "2009.07.06"]
[EventType "tourn (corr)"]
[EventRounds "6"]
[EventCountry "GER"]
[SourceTitle "Corr 2011"]
[Source "ChessBase"]
[SourceDate "2010.08.31"]
[SourceVersion "1"]
[SourceVersionDate "2010.08.31"]
[SourceQuality "1"]

1. e4 e5 2. f4 exf4 3. Nc3 Qh4+ 4. Ke2 Nf6 5. Nf3 Qg4 6. d4 b6 7. e5 Nh5 8. Kf2 Bb7 9. Be2 g6 10. h3 Qf5 11. Re1 Nc6 12. Nd5 0-0-0 13. Bd3 Qe6 14. Nxf4 Nxf4 15. Bxf4 Nb4 16. c4 Nxd3+ 17. Qxd3 Qf5 18. Qxf5 gxf5 19. d5 Bc5+ 20. Be3 Be7 21. Bg5 Rde8 22. Bxe7 Rxe7 23. Rad1 Rf8 24. b3 Kd8 25. g3 c5 26. Ke3 f6 27. Kf4 Bc8 28. exf6 Rxe1 29. Rxe1 Rxf6 30. Nh4 d6 31. Kg5 Rf8 32. Kh6 Rf7 33. Nf3 b5 34. cxb5 f4 35. g4 Re7 36. Kg5 Bb7 37. Rxe7 Kxe7 38. Kxf4 Bxd5 39. Nd2 Bf7 40. h4 Be8 41. a4 1-0

[Event "LSS SA-2009-0-00072"]
[Site "LSS email"]
[Date "2009.07.20"]
[Round "?"]
[White "Szabo, Michael"]
[Black "Hruby, Milan"]
[Result "0-1"]
[WhiteElo "2094"]
[BlackElo "2123"]
[PlyCount "138"]
[EventDate "2009.07.06"]
[EventType "tourn (corr)"]
[EventRounds "6"]
[EventCountry "GER"]
[SourceTitle "Corr 2011"]
[Source "ChessBase"]
[SourceDate "2010.08.31"]
[SourceVersion "1"]
[SourceVersionDate "2010.08.31"]
[SourceQuality "1"]

1. e4 e5 2. f4 Bc5 3. Nf3 d6 4. c3 Bb6 5. d4 exd4 6. cxd4 Bg4 7. Bb5+ c6 8. Be2 Nf6 9. h3 Bxf3 10. Bxf3 d5 11. e5 Ne4 12. 0-0 Ng3 13. Re1 Nf5 14. Be3 Qh4 15. Bg4 Nxe3 16. Rxe3 h5 17. g3 Qe7 18. Bf5 g6 19. Bc2 Qb4 20. Kg2 Qxd4 21. Qxd4 Bxd4 22. Rb3 Na6 23. Nd2 Nc5 24. Rb4 Be3 25. Nf1 a5 26. Rb6 d4 27. b4 axb4 28. Rxb4 Ra3 29. Rc4 Ne6 30. Bb3 h4 31. Re1 hxg3 32. Nxe3 Nxf4+ 33. Kxg3 Nh5+ 34. Kg4 dxe3 35. Rxe3 Ng7 36. Rf4 Ne6 37. Rf6 Rh5 38. h4 c5 39. Bxe6 Rxe3 40. Bxf7+ Ke7 41. Bxg6 Rhxe5 42. Rf7+ Ke6 43. Rxb7 Re1 44. h5 Rg1+ 45. Kf4 Rf1+ 46. Kg4 Re2 47. Ra7 Rg2+ 48. Kh3 Rg5 49. Kh4 Rfg1 50. Ra6+ Ke5 51. Ra4 R5g2 52. Kh3 Rxg6 53. hxg6 Rxg6 54. Rc4 Kd5 55. Rc1 c4 56. a4 Kd4 57. Rd1+ Kc3 58. Rd8 Kc2 59. a5 c3 60. Rc8 Kd2 61. Rd8+ Kc1 62. Ra8 c2 63. a6 Rd6 64. a7 Rd7 65. Kg4 Kd2 66. Rc8 Rxa7 67. Rd8+ Kc1 68. Kf5 Rb7 69. Ke4 Kb1 0-1